Bancos y mercados de capitales. La arquitectura del sistema (Registro nro. 12449)
[ vista simple ]
| 000 -LEADER | |
|---|---|
| fixed length control field | 00320 a2200109 4500 |
| 001 - CONTROL NUMBER | |
| control field | ART_48487 |
| 005 - DATE AND TIME OF LATEST TRANSACTION | |
| control field | 20260410161631.0 |
| 008 - FIXED-LENGTH DATA ELEMENTS--GENERAL INFORMATION | |
| fixed length control field | 260409a |
| 100 1# - MAIN ENTRY--PERSONAL NAME | |
| Personal name | Elespe, Douglas |
| 245 10 - TITLE STATEMENT | |
| Title | Bancos y mercados de capitales. La arquitectura del sistema |
| 773 0# - HOST ITEM ENTRY | |
| Title | Enfoques |
| Related parts | - N°2 (feb. 2019) |
| Record control number | REV416 |
No hay ítems disponibles.